Catálogo
 En Linea

Memoria anual 2004 / (Registro nro. 30625)

Detalles MARC
000 -CABECERA
campo de control de longitud fija 00523nam a2200157 a 4500
001 - NÚMERO DE CONTROL
campo de control 000031133
005 - FECHA Y HORA DE LA ÚLTIMA TRANSACCIÓN
campo de control 20200930062727.0
008 - DATOS DE LONGITUD FIJA--INFORMACIÓN GENERAL
campo de control de longitud fija 110614s2004 dr acd 000 0 spa d
040 ## - FUENTE DE LA CATALOGACIÓN
Centro catalogador/agencia de origen DO-SdBNP
Lengua de catalogación spa
Centro/agencia transcriptor BNPHU
049 ## - FONDOS LOCALES (OCLC)
Fondos de biblioteca BNPD
110 1# - ENTRADA PRINCIPAL--NOMBRE DE ENTIDAD CORPORATIVA
Nombre de entidad corporativa o nombre de jurisdicción como elemento de entrada Fandación de Apoyo al Suroeste
9 (RLIN) 57607
245 10 - MENCIÓN DE TÍTULO
Título Memoria anual 2004 /
Mención de responsabilidad, etc. Eduardo Félix Luperón...[et. al].
260 ## - PUBLICACIÓN, DISTRIBUCIÓN, ETC.
Lugar de publicación, distribución, etc. [Santo Domingo] :
Nombre del editor, distribuidor, etc. FAS,
Fecha de publicación, distribución, etc. [2004].
Fabricante Editora Amigo del Hogar
300 ## - DESCRIPCIÓN FÍSICA
Extensión 59 p. :
Otras características físicas il., gráf., retrs. ;
Dimensiones 28 cm.
700 1# - PUNTO DE ACCESO ADICIONAL--NOMBRE DE PERSONA
Nombre de persona Luperón, Eduardo Félix
9 (RLIN) 57608
Existencias
Estado de retiro Estado de pérdida No para préstamo Código de colección Localización permanente Ubicación/localización actual Ubicación en estantería Fecha de adquisición Número de inventario Total de préstamos Signatura topográfica completa Código de barras Fecha visto por última vez Precio válido a partir de Tipo de ítem Koha
    Excluido de préstamo Patrimonio Dominicano Patrimonio Dominicano Patrimonio Dominicano En catalogación 14.06.2011 LF1   31133-10 25.06.2020 25.06.2020 Libro y Folleto Colección Patrimonio Dominicano

Con tecnología Koha